Slovakia Squad Euro 2024 - Statistics

General Stats
  • This quiz has been taken 59 times
    55 since last reset
  • The average score is 11 of 26
Answer Stats
Club Position Answer % Correct
Napoli MF Stanislav Lobotka
98%
PSG DF Milan Skriniar
94%
Newcastle GK Martin Dubravka
88%
Feyenoord DF David Hancko
82%
Hellas Verona MF Ondrej Duda
66%
Fulham GK Marek Rodak
64%
Slavia Prague FW Ivan Schranz
56%
Sparta Prague FW Lukas Haraslin
54%
Copenhagen DF Denis Vavro
52%
Feyenoord FW Leo Sauer
52%
Boavista FW Robert Bozenik
52%
Hamburg MF Laszlo Benes
42%
Hertha Berlin DF Peter Pekarik
42%
Slovan Bratislava MF Juraj Kucka
34%
Salernitana DF Norbert Gyomber
32%
Slovan Bratislava FW David Strelec
30%
Hellas Verona FW Tomas Suslov
30%
New England Revolution GK Henrich Ravas
26%
Slovan Liberec FW Lubomir Tupta
26%
Genk MF Patrik Hrosovsky
26%
Cagliari DF Adam Obert
24%
VFL Bochum MF Matus Bero
22%
Banik Ostrava MF Tomas Rigo
12%
Hatta DF Vernon De Marco
12%
Spartak Trnava DF Sebastian Kosa
10%
Ascoli FW David Duris
8%
No matching quizzes found
Score Distribution
Percent of People with Each Score
Percentile by Number Answered
Your Score History
You have not taken this quiz since the last reset